Southville International School and Colleges
Your cart is empty.
  • Cart
  • Lists
    Public lists Eva Luna New books Lux_list list_1
    Your lists Log in to create your own lists
  • Log in to your account
  • Your cookies
  • Search history
Southville International School and Colleges
  • Advanced search
  • Recent comments
  • Most popular
  • Libraries

Log in to your account

Log in with GOOGLE


If you do not have an external account, but do have a local account, you can still log in:

  1. Home
  2. MARC view: Cost accounting and control: 2022 edition
Normal view MARC view ISBD view

Cost accounting and control: 2022 edition (Record no. 365698)

[ view plain ]
MARC details
000 -LEADER
fixed length control field 00575nam a22001937a 4500
003 - CONTROL NUMBER IDENTIFIER
control field 0
005 - DATE AND TIME OF LATEST TRANSACTION
control field 20231204124422.0
008 - FIXED-LENGTH DATA ELEMENTS--GENERAL INFORMATION
fixed length control field 231204b xxu||||| |||| 00| 0 eng d
020 ## - INTERNATIONAL STANDARD BOOK NUMBER
International Standard Book Number 978-621-416-127-0
050 ## - LIBRARY OF CONGRESS CALL NUMBER
Classification number HF 5686
Item number .D45 2022
100 ## - MAIN ENTRY--PERSONAL NAME
Personal name De Leon, Norma D.
245 ## - TITLE STATEMENT
Title Cost accounting and control: 2022 edition
Statement of responsibility, etc Norma D. De Leon
250 ## - EDITION STATEMENT
Edition statement 2022 edition
260 ## - PUBLICATION, DISTRIBUTION, ETC. (IMPRINT)
Place of publication, distribution, etc Manila
Name of publisher, distributor, etc GIC Enterprises & Co., Inc.
Date of publication, distribution, etc c2022.
300 ## - PHYSICAL DESCRIPTION
Extent 440 pages ;
Dimensions 25 cm.
504 ## - BIBLIOGRAPHY, ETC. NOTE
Bibliography, etc Includes bibliographical references.
650 ## - SUBJECT ADDED ENTRY--TOPICAL TERM
Topical term or geographic name as entry element Cost accountng.
942 ## - ADDED ENTRY ELEMENTS (KOHA)
Source of classification or shelving scheme Library of Congress Classification
Koha item type Filipiniana
Holdings
Withdrawn status Lost status Source of classification or shelving scheme Damaged status Home library Current library Shelving location Date acquired Source of acquisition Sub Shelving location Total Checkouts Total Renewals Full call number Barcode Date last seen Date checked out Price effective from Koha item type
    Library of Congress Classification   College Library College Library Filipiniana Section 12/04/2023 Library Fund   2 1 HF 5686 .D45 2022 C23177 03/01/2025 02/21/2025 12/04/2023 Filipiniana
    Library of Congress Classification   College Library College Library Filipiniana Section 12/04/2023 Library Fund       HF 5686 .D45 2022 C23176 12/04/2023   12/04/2023 Filipiniana

Cost accounting and control: 2022 edition

APA

De Leon N. D., . (2022). Cost accounting and control: 2022 edition. Manila: GIC Enterprises & Co., Inc.

Chicago

De Leon Norma D, . 2022. Cost accounting and control: 2022 edition. Manila: GIC Enterprises & Co., Inc.

Harvard

De Leon N. D., . (2022). Cost accounting and control: 2022 edition. Manila: GIC Enterprises & Co., Inc.

MLA

De Leon Norma D, . Cost accounting and control: 2022 edition. Manila: GIC Enterprises & Co., Inc. 2022.

  • Place hold
  • Print
  • Cite
  • Add to your cart (remove)
  • Save record
    BIBTEX Dublin Core MARCXML MARC (non-Unicode/MARC-8) MARC (Unicode/UTF-8) MARC (Unicode/UTF-8, Standard) MODS (XML) RIS
  • More searches
    Search for this title in:
    Other Libraries (WorldCat) Other Databases (Google Scholar) Online Stores (Bookfinder.com) Open Library (openlibrary.org)

Exporting to Dublin Core...

SOUTHVILLE LIBRARY

Southville International School and Colleges Library

1281 Tropical Ave. Cor. Luxembourg St., BF Homes International, Las Pinas City

Tel. No. 8256374 / 252358 Loc. 117/146

Powered by Koha